1142 1629 1957 1623 1108 1901 1887 1967 1523 1575 1381 1121 1946 1404 1803 1931 1504 1311 1290 1939 1064 1095 1843 1275 1395 1386 1190 1061 1785 1410 1725 1532 1902 1689 1777 1591 1466 1793 1748 1675 1919 1920 1568 1243 1446 1940 1996 1400 1314 1089 1717 1932 1366 1492 1793 1256 1228 1820 1156 1148 1717 1775 1559 1609 1264 1964 1378 1163 1620 1858 1823 1124 1289 1847 1007 1049 1082 1437 2000 1514 1745 1244 1373 1867 1063 1406 1839 1937 1475 1575 1778 1206 1448 1502 1690 1710 1494 1556 1361 BCNSPRNW ULIB Ver.6.0+V

เปลี่ยนเป็นภาษาไทย

Change to English
 แสดงรายละเอียดบรรณานุกรม
  กลับหน้าหลัก

Brief Record : Get Marc (ISO 2709) : E-mail record : QR code < ปิดหน้าต่าง
LEADER : 00000nam 2200000uu 4500
001    13399113841
003     ULIB
008    120110s||||||||th 000 0 tha d
099    วจ.WY18.8^bอ481ผ
100 0  อังคณาพร สอนง่าย
245 00 ผลของการจัดการเรียนการสอนแบบบูรณาการในรายวิชาการจัดการสุขภาพชุมชนแบบองค์รวมของนักศึกษาหลักสูตรประกาศนียบัตรสาธารณสุขศาสตร์(สาธารณสุขชุมชน)วิทยาลัยการสาธารณสุขสิรินธร จังหวัดพิษณุโลก/^cอังคณาพร สอนง่าย ,ประจวบ แหลมหลัก,จงดี ขจรไชยกุล,โสภา พุทราและสุรางค์ เง่าสวัสดิ์
260    พิษณุโลก :^bวิทยาลัยการสาธารณสุขสิรินธร จังหวัดพิษณุโลก,^c2554
300    106 หน้า :^bตาราง
500    รายงานการวิจัย
650  7 การจัดการเรียนการสอน^xวิจัย
650  7 การสอนแบบบูรณาการ^xวิจัย
700 02 ประจวบ แหลมหลัก
700 02 จงดี ขจรไชยกุล
700 02 โสภา พุทรา
700 02 สุรางค์ เง่าสวัสดิ์
710 1  วิทยาลัยการสาธารณสุขสิรินธร จังหวัดพิษณุโลก
945    ^p0^l0^i030911
995    ทศพร
999 ^a ทศพร
รายการนี้ยังไม่มีแท็ก
คุณยังไม่ได้ล็อกอิน คุณสามารถมีกิจกรรมร่วมกับเว็บไซต์ได้ แต่ต้องล็อกอินก่อน ::
  ล็อกอิน

รายการสื่อสารสนเทศ

ลำดับที่ ประเภท เลขเรียก/บาร์โค้ด สถานที่ สถานะ
1. งานวิจัย
งานวิจัย
วจ.WY18.8 อ481ผ ฉ.1 
  Barcode: 030911
ห้องสมุดวิทยาเขตสวรรค์ประชารักษ์
►วิจัย
บนชั้น

รายการใกล้เคียง
    ผู้แต่ง [อังคณาพร สอนง่าย]

BibComment


ยังไม่เคยถูกคอมเมนท์

คอมเมนท์ทรัพยากรรายการนี้
  คอมเมนท์: ผลของการจัดการเรี..


 Copyright 2026. Bcnsprnw @Library